000 00630nam a2200241Ia 4500
003 OSt
005 20221007070416.0
006 a|||||r|||| 00| 0
007 ta
008 221006b |||||||| |||| 00| 0 eng d
024 _a39,269
037 _cTextual
040 _aFLL
_cFLL
_beng
041 _2eng
_aeng
082 _aZ2,122, Q1
100 _aSaxena Poonam Pradhan
245 0 _aFamily law -II (Reprint 2013)
250 _a3rd
260 _aGurgaon
_bLexisNexis India
_c2011
300 _alxxxvii,620p
_ccm.
942 _hZ2,122, Q1
_cTEXL
_2CC
999 _c1140406
_d1140406